Statistics for Pokémon Doubly Weak to Bug

Click here to take the quiz!

General Stats

  • This quiz has been taken 14 times
  • The average score is 14 of 15

Answer Stats

NumberTypesAnswer% Correct
0898Psychic/GrassCalyrex
100%
0251Psychic/GrassCelebi
100%
0102Grass/PsychicExeggcute
100%
0103Grass/PsychicExeggutor
100%
0686Dark/PsychicInkay
100%
0687Dark/PsychicMalamar
100%
0908Grass/DarkMeowscarada
100%
0274Grass/DarkNuzleaf
100%
0275Grass/DarkShiftry
100%
0332Grass/DarkCacturne
90%
1010Grass/PsychicIron Leaves
90%
1001Dark/GrassWo-Chien
90%
0893Dark/GrassZarude
90%
0720Psychic/DarkHoopa (Unbound)
80%
0986Grass/DarkBrute Bonnet
70%

Score Distribution

Percentile by Number Answered

Percent of People with Each Score

Your Score History

You have not taken this quiz